Normal view
MARC view
- Singh, Pashupati Nath
Entry Personal Name
001 - CONTROL NUMBER
- control field: 39795
003 - CONTROL NUMBER IDENTIFIER
- control field: NUST
005 - DATE AND TIME OF LATEST TRANSACTION
- control field: 20210314131539.0
008 - FIXED-LENGTH DATA ELEMENTS
- fixed length control field: 210314|| aca||aabn | a|a d
040 ## - CATALOGING SOURCE
- Original cataloging agency: NUST
- Transcribing agency: NUST
100 ## - HEADING--PERSONAL NAME
- Personal name: Singh, Pashupati Nath
670 ## - SOURCE DATA FOUND
- Source citation: Work cat.: (NUST): Singh, Pashupati Nath., Elementary mechanics of solids /, [1981] c1980.
